000 01968nam0a2200373 4500
001 RU\NLR\BIBL_A\022359198
005 20260420020142.0
010 _a978-5-904994-58-7
_9300
021 _aRU
_bКН-П-24-052685
_9КН-П-24-5241
035 _a(NLR Aleph) 022359198
090 _a13667926
_c13667926
100 _a20241021d2024 k y0rusy50 ca
101 1 _arus
_ceng
102 _aRU
105 _aa z 000yy
181 0 _ai3
_baxxe
182 0 _an
200 1 _aЯзык, мышление, действительность
_fБенджамин Ли Уорф
_gперевод с англ., [комментарии]: Валентин Игоревич Фролов, к. ф. н., доцент
_gМосковский государственный лингвистический университет МГЛУ
203 _aТекст
_bвизуальный
_cнепосредственный
210 _aМосква
_cАльма Матер
_d2024
215 _a333, [1] с.
_cил.
_d21
225 1 _aМетоды антропологии
300 _aПер. изд.: Language, thought and reality / Benjamin Whorf. Cambridge, Massachusetts, 1956
320 _aБиблиогр.: с. 327-328, в тексте и в подстроч. примеч.
454 0 _12001#$aLanguage, thought and reality$fBenjamin Whorf
_1210##$aCambridge, Massachusetts$d1956
_1700#1$aWhorf$bB. L.$f1897-1941$gBenjamin Lee$3RU\NLR\AUTH\770273793
_tLanguage, thought and reality
_aWhorf, Benjamin Lee (1897-1941)
606 1 _aЯзыкознание
_jСборники
_9911558
_3RU\NLR\AUTH\6613279
606 1 _aЯзык и мышление
_jСборники
_xФилософские вопросы
_92297188
_3RU\NLR\AUTH\6601602396
686 1 _aШ1я44
686 1 _aЮ252
_bШ1я44
700 1 _aУорф
_bБ. Л.
_f1897-1941
_gБенджамин Ли
_3RU\NLR\AUTH\770273789
942 _cBOOK
980 _aNB